000 00554nam a2200181 i 4500
001 120073
003 ES-MaACL
005 20250905164210.0
007 t|
008 070214s1906 cu |||| | spa d
100 1 _aPiñeyro, Enrique.
_992287
245 1 0 _aGabriel de la Concepción Valdés (Plácido) /
_cEnrique Piñeyro.
260 _aLa Habana :
_b[s. n.],
_c1906.
595 _aSuplemento a "El Fígaro", La Habana, 22 de julio de 1906.
600 0 4 _aPlácido,
_d1809-1844
_992505
852 _aES-MaACL
_jT-1201-F-1
999 _c120073
_d120073